Datum a čas kvízu

36 Celkem bodů Celkový počet nahraných bodů na tomto kvízu bez doplňovacích otázek.
6. Pořadí na kvízu Konečné umístění týmu na tomto kvízu.

Zaznamenané odpovědi

# Otázka Odpověď Body Výsledky
1. U jednoho nově otevřeného obch... pro ženy 1
2. V neděli začala světová výstav... v Japonsku 1
3. Minulý týden byl představen tr... Mission Impossible; Poslední zúčtování/ The Final Reckoning 0.5
4. Americká genetická společnost... Hra o trůny, pravlk 1
5. Ve středu začalo hokejové mist... České Budějovice 1
6. Lyžařská sezóna v těchto týdne... v Jizerských horách 1
7. Poznáte podle fotky jedno z ne... Červenohorské sedlo 0
8. Ve kterém městě najdeme toto k... v Dubaji 1
9. Ve spolkové zemi Salcbursko v... Kaprun 1
10. Která dvě česká slova jsou nap... Utvořte čtveřice 1